| 000 | 00638nam a2200217Ii 4500 | ||
|---|---|---|---|
| 003 | JO-AjNU | ||
| 008 | 230606s9999||||xx |||||||||||||| ||und|| | ||
| 020 | _a978-1-83864-857-2 | ||
| 040 |
_aJO-AjNU _beng _erda _cJO-AjNU |
||
| 041 | _aeng | ||
| 050 | 1 | 4 | _aQA76.76.C672 2019 |
| 100 | 3 |
_aHorton, John, _eauthor _96563 |
|
| 245 | 0 | 0 | _aBeginning C++ Game Programming: Learn to program with C++ by building fun games |
| 250 | _a2ed | ||
| 264 | 3 | 1 | _aUSA: STacKAbuse,2019 |
| 300 | _a715p | ||
| 336 |
_atext _btxt _2rdacontent |
||
| 337 |
_aunmediated _bn _2rdamedia |
||
| 338 |
_avolume _bnc _2rdacarrier |
||
| 650 | 4 |
_aGame-Computer _96564 |
|
| 999 |
_aE3406 _c3402 _d3402 |
||